Well-being : (Record no. 14352)
[ view plain ]
| 000 -LEADER | |
|---|---|
| fixed length control field | 00986nam a22003135a 4500 |
| 001 - CONTROL NUMBER | |
| control field | 16061919 |
| 005 - DATE AND TIME OF LATEST TRANSACTION | |
| control field | 20201128020830.0 |
| 008 - FIXED-LENGTH DATA ELEMENTS--GENERAL INFORMATION | |
| fixed length control field | 100120s2010 nyu | 00| 0 eng d |
| 010 ## - LIBRARY OF CONGRESS CONTROL NUMBER | |
| LC control number | 2010921093 |
| 020 ## - INTERNATIONAL STANDARD BOOK NUMBER | |
| International Standard Book Number | 9781595620408 (alk. paper) |
| 040 ## - CATALOGING SOURCE | |
| Original cataloging agency | DLC |
| Transcribing agency | DLC |
| 082 ## - DEWEY DECIMAL CLASSIFICATION NUMBER | |
| Edition number | 22 |
| Classification number | 646.7 |
| Item number | RAT |
| 100 1# - MAIN ENTRY--PERSONAL NAME | |
| Personal name | Rath, Tom. |
| 9 (RLIN) | 15772 |
| 245 10 - TITLE STATEMENT | |
| Title | Well-being : |
| Remainder of title | The Five Essential Elements / |
| Statement of responsibility, etc | Tom Rath, Jim Harter. |
| 260 ## - PUBLICATION, DISTRIBUTION, ETC. (IMPRINT) | |
| Place of publication, distribution, etc | New York, NY : |
| Name of publisher, distributor, etc | Gallup Press, |
| Date of publication, distribution, etc | c2010. |
| 263 ## - PROJECTED PUBLICATION DATE | |
| Projected publication date | 1005 |
| 300 ## - PHYSICAL DESCRIPTION | |
| Extent | 229 p. : |
| Other physical details | ill.; |
| Dimensions | 22 cm. |
| 500 ## - GENERAL NOTE | |
| General note | From the author of the #1 Wall Street Journal bestseller StrengthsFinder 2.0 |
| 504 ## - BIBLIOGRAPHY, ETC. NOTE | |
| Bibliography, etc | Includes bibliographical references. |
| 541 ## - IMMEDIATE SOURCE OF ACQUISITION NOTE | |
| Source of acquisition | Bacca ; |
| 650 0# - SUBJECT ADDED ENTRY--TOPICAL TERM | |
| Topical term or geographic name as entry element | Well-being. |
| 9 (RLIN) | 15773 |
| 650 0# - SUBJECT ADDED ENTRY--TOPICAL TERM | |
| Topical term or geographic name as entry element | Quality of life. |
| 9 (RLIN) | 15774 |
| 650 0# - SUBJECT ADDED ENTRY--TOPICAL TERM | |
| Topical term or geographic name as entry element | Social indicators. |
| 9 (RLIN) | 15775 |
| 650 0# - SUBJECT ADDED ENTRY--TOPICAL TERM | |
| Topical term or geographic name as entry element | Self-realization. |
| 9 (RLIN) | 15776 |
| 650 0# - SUBJECT ADDED ENTRY--TOPICAL TERM | |
| 9 (RLIN) | 982 |
| Topical term or geographic name as entry element | Success |
| 700 1# - ADDED ENTRY--PERSONAL NAME | |
| Personal name | Harter, Jim |
| 9 (RLIN) | 15777 |
| 942 ## - ADDED ENTRY ELEMENTS (KOHA) | |
| Source of classification or shelving scheme | Dewey Decimal Classification |
| Item type | Book - Borrowing |
| Withdrawn status | Item status | Source of classification or shelving scheme | Damaged status | Not for loan | Vendor | Home library | Current library | Shelving location | Date acquired | Cost, normal purchase price | Serial Enumeration / chronology | Total Checkouts | Total Renewals | Full call number | Barcode | Date last seen | Date last borrowed | Koha item type |
|---|---|---|---|---|---|---|---|---|---|---|---|---|---|---|---|---|---|---|
| Dewey Decimal Classification | Baccah | Central Library | Central Library | First floor | 04/07/2010 | 130.00 | 10487 | 4 | 6 | 646.7 RAT | 000021349 | 15/07/2025 | 22/04/2021 | Book - Borrowing |